000 00559nam a2200193Ia 4500
008 240729s9999 xx 000 0 und d
022 _a1553-7374
245 0 _aPLoS Pathogens
260 _aUnited States
260 _bPublic Library of Science (PLoS)
650 _a Biology (General)
650 _a Immunologic diseases. Allergy | Science
650 _a Internal medicine
650 _a Specialties of internal medicine
650 _aMedicine
856 _uhttps://doaj.org/toc/9abfb36b06404e8a8566e1a44180bbdc
942 _2ddc
942 _cDOAJEJ
999 _c67481
_d67481
945 _a1
_bMadushi Gamage
_c1
_dMadushi Gamage